| 000 | 00367nam a2200145Ia 4500 | ||
|---|---|---|---|
| 008 | 150201s2006 xx 000 0 und d | ||
| 082 |
_a617.645 _bC2006N |
||
| 100 | _aNEWMAN,MICHAL G. | ||
| 245 | _aCARRANZAS CLINICAL PERIODONTOLOGY | ||
| 250 | _a10TH | ||
| 260 |
_bSAUNDERS _aPHILADELPHIA _c2006 |
||
| 300 | _a1-1286 | ||
| 650 | _aPERIODONTICS | ||
| 942 |
_2ddc _cBK _073 |
||
| 999 |
_c3572 _d3572 |
||